书目信息 |
| 题名: |
图解西门子S7-200 SMART PLC快速入门与提高
|
|
| 作者: | 蔡杏山 主编 | |
| 分册: | ||
| 出版信息: | 北京 电子工业出版社 2018 |
|
| 页数: | 10,269页 | |
| 开本: | 26cm | |
| 丛书名: | ||
| 单 册: | ||
| 中图分类: | TM571.61-64 | |
| 科图分类: | ||
| 主题词: | PLC技术--程序设计--图解 | |
| 电子资源: | ||
| ISBN: | 978-7-121-33702-4 | |
| 000 | 00932nam0 22002411 450 | |
| 001 | 009598211 | |
| 005 | 20180514185124.0 | |
| 010 | @a978-7-121-33702-4@b@dCNY59.00 | |
| 100 | @a20180515d2018 em y0chiy50 ea | |
| 101 | 0 | @achi |
| 102 | @aCN@b110000 | |
| 105 | @aa z 000yy | |
| 106 | @ar | |
| 200 | 1 | @a图解西门子S7-200 SMART PLC快速入门与提高@Atu jie xi men zi S7-200 SMART PLC kuai su ru men yu ti gao@f蔡杏山主编@g |
| 210 | @a北京@c电子工业出版社@d2018 | |
| 215 | @a10,269页@c@d26cm | |
| 330 | @a本书介绍了西门子S7-200 SMART PLC的硬件与软件编程,主要内容有PLC入门、西门子S7-200 SMART PLC介绍、S7-200 SMART PLC编程软件的使用、基本指令的使用及应用实例、顺序控制指令的使用及应用实例、功能指令说明及使用举例和PLC通信。 | |
| 606 | 0 | @aPLC技术@x程序设计@j图解 |
| 690 | @aTM571.61-64@v5 | |
| 701 | 0 | @a蔡杏山@Acai xing shan@4主编 |
| 801 | 0 | @aCN@bMUSE@c20181206@g |
| 905 | @aBZT@dTM571.61-64@e1 | |
| 906 | @dCNY59.00@n3@r1 | |
| 图解西门子S7-200 SMART PLC快速入门与提高/蔡杏山主编.-北京:电子工业出版社,2018 |
| 10,269页;26cm |
| ISBN 978-7-121-33702-4:CNY59.00 |
| 本书介绍了西门子S7-200 SMART PLC的硬件与软件编程,主要内容有PLC入门、西门子S7-200 SMART PLC介绍、S7-200 SMART PLC编程软件的使用、基本指令的使用及应用实例、顺序控制指令的使用及应用实例、功能指令说明及使用举例和PLC通信。 |
| ● |
| 相关链接 |
|
|
|
正题名:图解西门子S7-200 SMART PLC快速入门与提高
索取号:TM571.61-64/1
 
预约/预借
| 序号 | 登录号 | 条形码 | 馆藏地/架位号 | 状态 | 备注 |
| 1 | 856984 | 2000856984 | 第二书库/ [索取号:TM571.61-64/1] | 在馆 | |
| 2 | 856985 | 2000856985 | 第二书库/ [索取号:TM571.61-64/1] | 在馆 | |
| 3 | 856986 | 2000856986 | 第二书库/ [索取号:TM571.61-64/1] | 在馆 |